00346nam a22001217a 4500082001000000100002200010245007500032260002700107300001400134526001900148650002500167700003200192 aT-273 aNadeem Ahmad Shah aNuclear Disaster Preparedness Level of Medical Responders in Pakistan  aRisalpur,bMCE,c2020. a86 pages. a0b0c0dT_273 aDisaster Management  aSupervisor Dr Naeem Shahzad